[Event "Novi Sad TS GM/IM Mix 189th"]
[Site "Novi Sad"]
[Date "2024.03.05"]
[Round "9"]
[White "Kovalev, Vladislav"]
[Black "Savic, Miodrag R"]
[Result "1-0"]
[WhiteElo "2579"]
[BlackElo "2410"]
[PlyCount "139"]
[EventDate "2024.02.29"]
[EventType "swiss"]
[EventRounds "9"]
[EventCountry "SRB"]
[SourceTitle "CB12_2024"]
[SourceDate "2023.10.01"]
[SourceVersion "1"]
[SourceVersionDate "2023.10.01"]
[SourceQuality "1"]

1. e4 d5 2. exd5 Qxd5 3. Nc3 Qa5 4. d4 Nf6 5. Nf3 c6 6. Bc4 Bf5 7. Ne5 e6 8. g4 Bg6 9. h4 Nbd7 10. Nxd7 Nxd7 11. h5 Be4 12. 0-0 Bd5 13. Nxd5 cxd5 14. Bd3 Bd6 15. Bd2 Qd8 16. Kg2 g6 17. Rh1 Qf6 18. Qf3 Qxf3+ 19. Kxf3 0-0-0 20. Kg2 e5 21. dxe5 Nxe5 22. Be2 Rhe8 23. Rad1 Nc4 24. Bxc4 dxc4 25. Be3 Be5 26. b3 cxb3 27. cxb3 Rxd1 28. Rxd1 b6 29. Kf3 Kc7 30. a4 Re6 31. Rd5 Bd6 32. Rd4 Rf6+ 33. Ke2 Re6 34. Kd3 Kc6 35. Rc4+ Kd7 36. hxg6 hxg6 37. b4 Be5 38. b5 Rd6+ 39. Ke2 Rd5 40. Rc1 Bc7 41. Rb1 f5 42. Rb4 Bd6 43. Rc4 Ke6 44. gxf5+ gxf5 45. Rh4 Bc7 46. Rh6+ Kd7 47. Rh7+ Kc8 48. Rf7 a6 49. bxa6 Ra5 50. Rf8+ Kd7 51. a7 Rxa7 52. Rf7+ Kc6 53. Bf4 Bb8 54. Rf6+ Kb7 55. Bxb8 Kxb8 56. Rxb6+ Kc7 57. Rb4 Kd6 58. Kd3 Rh7 59. a5 Kc5 60. Rf4 Rf7 61. Ra4 Kb5 62. Ra2 Ka6 63. Ke3 Rc7 64. Kf4 Rc5 65. Kg5 Rd5 66. f4 Ka7 67. Re2 Rxa5 68. Re5 Ra4 69. Rxf5 Kb7 70. Rc5 1-0

[Event "Novi Sad TS GM/IM Mix 189th"]
[Site "Novi Sad"]
[Date "2024.03.04"]
[Round "8"]
[White "Savic, Miodrag R"]
[Black "Omorjan, Dejan"]
[Result "1-0"]
[WhiteElo "2410"]
[BlackElo "2341"]
[PlyCount "117"]
[EventDate "2024.02.29"]
[EventType "swiss"]
[EventRounds "9"]
[EventCountry "SRB"]
[SourceTitle "CB12_2024"]
[SourceDate "2023.10.01"]
[SourceVersion "1"]
[SourceVersionDate "2023.10.01"]
[SourceQuality "1"]

1. e4 c5 2. c3 Nf6 3. e5 Nd5 4. Nf3 d6 5. d4 cxd4 6. exd6 e6 7. Qxd4 Qxd6 8. Nbd2 Qc7 9. Bb5+ Bd7 10. Bxd7+ Nxd7 11. 0-0 h6 12. Re1 N5f6 13. Nc4 Rc8 14. Nce5 Bc5 15. Qh4 Nxe5 16. Nxe5 Bd6 17. Qa4+ Ke7 18. Nf3 Rhe8 19. Qh4 Qc4 20. Nd4 Qd5 21. Be3 Rc5 22. Nf3 Rc6 23. Bd4 Qf5 24. Bxa7 Ra6 25. Bd4 Rea8 26. a3 Ra4 27. Bxf6+ gxf6 28. Nd4 Qg5 29. Qxg5 hxg5 30. Nf5+ Kd7 31. Nxd6 Kxd6 32. Rad1+ Ke7 33. Rd2 R8a5 34. Red1 Rb5 35. Rd7+ Kf8 36. R1d2 g4 37. g3 f5 38. Rc7 Kg7 39. Kg2 f4 40. gxf4 Rxf4 41. b4 b6 42. Rc6 Rf3 43. a4 Rh5 44. Rd4 Rhf5 45. Rd2 Rh5 46. Kg1 Rfh3 47. Rd4 Rxh2 48. Rxg4+ Kf8 49. Rxb6 Rh1+ 50. Kg2 R1h2+ 51. Kf3 f5 52. Rc4 R5h3+ 53. Ke2 Kf7 54. Rd6 Rg2 55. b5 Kf6 56. b6 Rhh2 57. Rf4 Kg5 58. b7 Rh8 59. Rb4 1-0

[Event "Sarajevo Agentlocator"]
[Site "Sarajevo"]
[Date "2023.12.24"]
[Round "10"]
[White "Savic, Miodrag R"]
[Black "Marjanovic, Dejan"]
[Result "1/2-1/2"]
[WhiteElo "2415"]
[BlackElo "2361"]
[PlyCount "52"]
[EventDate "2023.12.22"]
[EventType "tourn (rapid)"]
[EventRounds "11"]
[EventCountry "BIH"]
[EventCategory "6"]
[SourceTitle "CB52_2023"]
[SourceDate "2023.12.27"]
[SourceVersion "1"]
[SourceVersionDate "2023.12.27"]
[SourceQuality "1"]

1. e4 e5 2. Nf3 Nc6 3. Bb5 a6 4. Ba4 Nf6 5. 0-0 Be7 6. Re1 b5 7. Bb3 d6 8. c3 0-0 9. h3 Nb8 10. d4 Nbd7 11. Nbd2 Bb7 12. Bc2 Re8 13. Nf1 Bf8 14. Ng3 g6 15. a4 Bg7 16. d5 Qe7 17. Be3 c6 18. dxc6 Bxc6 19. axb5 axb5 20. Rxa8 Rxa8 21. Qd2 Nc5 22. Bg5 Ne6 23. Be3 Nc5 24. Bg5 Ne6 25. Be3 Nc5 26. Bg5 Ne6 1/2-1/2

[Event "Sarajevo Agentlocator"]
[Site "Sarajevo"]
[Date "2023.12.22"]
[Round "4"]
[White "Savic, Miodrag R"]
[Black "Dizdarevic, Emir"]
[Result "1/2-1/2"]
[WhiteElo "2415"]
[BlackElo "2358"]
[PlyCount "50"]
[EventDate "2023.12.22"]
[EventType "tourn (rapid)"]
[EventRounds "11"]
[EventCountry "BIH"]
[EventCategory "6"]
[SourceTitle "CB52_2023"]
[SourceDate "2023.12.27"]
[SourceVersion "1"]
[SourceVersionDate "2023.12.27"]
[SourceQuality "1"]

1. e4 c6 2. d4 d5 3. e5 Bf5 4. Nf3 e6 5. Be2 Ne7 6. 0-0 a6 7. Nbd2 h6 8. Nb3 Nd7 9. h3 Bh7 10. c3 c5 11. dxc5 Nc6 12. Bf4 Nxc5 13. Nxc5 Bxc5 14. Bd3 Bxd3 15. Qxd3 0-0 16. Rad1 b5 17. Be3 Bxe3 18. Qxe3 Rc8 19. Nd4 Nxd4 20. Rxd4 Rc4 21. a3 Qe7 22. Rfd1 Rfc8 23. f4 Rxd4 24. Rxd4 Rc4 25. Kh2 Rxd4 1/2-1/2

[Event "Arandjelovac ASK-12 IM"]
[Site "Arandjelovac"]
[Date "2023.12.11"]
[Round "1"]
[White "Anishka, Vikram"]
[Black "Savic, Miodrag R"]
[Result "0-1"]
[WhiteElo "1859"]
[BlackElo "2415"]
[PlyCount "118"]
[EventDate "2023.12.11"]
[EventType "tourn"]
[EventRounds "9"]
[EventCountry "SRB"]
[SourceTitle "CB51_2023"]
[SourceDate "2023.12.20"]
[SourceVersion "1"]
[SourceVersionDate "2023.12.20"]
[SourceQuality "1"]

1. d4 Nf6 2. c4 e6 3. Nc3 d5 4. cxd5 exd5 5. Bg5 c6 6. e3 h6 7. Bh4 Bd6 8. Bd3 0-0 9. Qc2 Re8 10. Nf3 Bg4 11. Nd2 Be6 12. 0-0 Bxh2+ 13. Kxh2 Ng4+ 14. Kg1 Qxh4 15. Nf3 Qd8 16. b4 Nd7 17. Ne2 a6 18. a4 Rc8 19. Nf4 Ndf6 20. Rfe1 Qd6 21. Qb1 Bd7 22. b5 g5 23. Ne2 cxb5 24. axb5 Bxb5 25. Bxb5 axb5 26. Qxb5 Ne4 27. Qxb7 Rc7 28. Qb5 Rce7 29. Ra6 Rb8 30. Qa5 Qd8 31. Qxd8+ Rxd8 32. Ne5 Nexf2 33. Nxg4 Nxg4 34. Ng3 Rde8 35. Nf5 Re6 36. Ra5 Rd8 37. Ra7 Rde8 38. Rf1 Rf6 39. Rd7 Kh7 40. Rxd5 Kg6 41. Rc5 Nxe3 42. Nxe3 Rxe3 43. Rxf6+ Kxf6 44. Kf2 Rd3 45. Rc6+ Kg7 46. Rd6 Rd2+ 47. Kf3 h5 48. g3 Rd3+ 49. Kg2 f6 50. Rd7+ Kg6 51. Rd5 Kf7 52. Rd7+ Ke6 53. Rh7 Kf5 54. Rxh5 Kg4 55. Rh6 f5 56. d5 Rd2+ 57. Kf1 Rxd5 58. Kf2 Rd2+ 59. Ke3 Rg2 0-1

[Event "SRB-chT Premier"]
[Site "Bajina Basta"]
[Date "2023.09.28"]
[Round "11.2"]
[White "Savic, Miodrag R"]
[Black "Atalik, Suat"]
[Result "1/2-1/2"]
[WhiteElo "2425"]
[BlackElo "2413"]
[PlyCount "31"]
[EventDate "2023.09.18"]
[EventType "team-tourn"]
[EventRounds "11"]
[EventCountry "SRB"]
[SourceTitle "EXT 2024"]
[Source "ChessBase"]
[SourceDate "2023.10.10"]
[SourceVersion "1"]
[SourceVersionDate "2023.10.10"]
[SourceQuality "1"]
[WhiteTeam "Belgrade Zmaj"]
[BlackTeam "Kac Jugovic"]
[WhiteTeamCountry "SRB"]
[BlackTeamCountry "SRB"]

1. e4 c5 2. Nf3 e6 3. c3 d5 4. exd5 exd5 5. Bb5+ Bd7 6. Bxd7+ Nxd7 7. 0-0 Ngf6 8. Re1+ Be7 9. Qe2 Rc8 10. d4 Rc6 11. dxc5 Re6 12. Be3 Bxc5 13. Ng5 Re7 14. Bxc5 Nxc5 15. Qxe7+ Qxe7 16. Rxe7+ 1/2-1/2

[Event "SRB-chT Premier"]
[Site "Bajina Basta"]
[Date "2023.09.24"]
[Round "7.4"]
[White "Savic, Miodrag R"]
[Black "Tadic, Stefan"]
[Result "1/2-1/2"]
[WhiteElo "2425"]
[BlackElo "2386"]
[PlyCount "41"]
[EventDate "2023.09.18"]
[EventType "team-tourn"]
[EventRounds "11"]
[EventCountry "SRB"]
[SourceTitle "EXT 2024"]
[Source "ChessBase"]
[SourceDate "2023.10.10"]
[SourceVersion "1"]
[SourceVersionDate "2023.10.10"]
[SourceQuality "1"]
[WhiteTeam "Belgrade Zmaj"]
[BlackTeam "Elemir Naftagas"]
[WhiteTeamCountry "SRB"]
[BlackTeamCountry "SRB"]

1. e4 c5 2. Nf3 Nc6 3. Bb5 e6 4. 0-0 Nge7 5. c3 a6 6. Ba4 b5 7. Bc2 Bb7 8. a4 Ng6 9. axb5 axb5 10. Rxa8 Qxa8 11. d4 cxd4 12. Nxd4 b4 13. Nxc6 Bxc6 14. Qd4 Qb8 15. cxb4 Qxb4 16. Be3 Qxd4 17. Bxd4 f6 18. Nc3 Bd6 19. Ba4 Bxa4 20. Nxa4 Ke7 21. Rc1 1/2-1/2

[Event "SRB-chT Premier"]
[Site "Bajina Basta"]
[Date "2023.09.22"]
[Round "5.5"]
[White "Savic, Miodrag R"]
[Black "Strikovic, Aleksa"]
[Result "0-1"]
[WhiteElo "2425"]
[BlackElo "2450"]
[PlyCount "92"]
[EventDate "2023.09.18"]
[EventType "team-tourn"]
[EventRounds "11"]
[EventCountry "SRB"]
[SourceTitle "EXT 2024"]
[Source "ChessBase"]
[SourceDate "2023.10.10"]
[SourceVersion "1"]
[SourceVersionDate "2023.10.10"]
[SourceQuality "1"]
[WhiteTeam "Belgrade Zmaj"]
[BlackTeam "Pozega"]
[WhiteTeamCountry "SRB"]
[BlackTeamCountry "SRB"]

1. e4 c5 2. c3 Nf6 3. e5 Nd5 4. Nf3 Nc6 5. d4 cxd4 6. Bc4 Nb6 7. Bb3 d6 8. exd6 Qxd6 9. 0-0 Be6 10. Na3 Bxb3 11. Qxb3 e6 12. Nb5 Qd7 13. Nbxd4 Nxd4 14. Nxd4 Be7 15. Rd1 0-0 16. Nf5 Qc7 17. Nxe7+ Qxe7 18. Bf4 Rfd8 19. h3 h6 20. Be5 f6 21. Rd4 Rxd4 22. Bxd4 Rd8 23. Re1 Nc8 24. a4 Kf7 25. Be3 Qd7 26. Qc2 Qd3 27. Qb3 Qd5 28. c4 Qc6 29. Qc2 a6 30. b3 Ne7 31. Bxh6 gxh6 32. Qh7+ Kf8 33. Qxh6+ Kf7 34. Qh7+ Kf8 35. Qh8+ Ng8 36. Re3 Qc7 37. Rg3 Qf7 38. h4 Rd7 39. Re3 Qg6 40. Rxe6 Qf5 41. Re3 Rh7 42. Re8+ Kxe8 43. Qxg8+ Kd7 44. g4 Qe4 45. h5 Re7 46. h6 Qf3 0-1

[Event "SRB-chT Premier"]
[Site "Bajina Basta"]
[Date "2023.09.21"]
[Round "4.2"]
[White "Miljkovic, Miroslav D"]
[Black "Savic, Miodrag R"]
[Result "1/2-1/2"]
[WhiteElo "2443"]
[BlackElo "2425"]
[PlyCount "60"]
[EventDate "2023.09.18"]
[EventType "team-tourn"]
[EventRounds "11"]
[EventCountry "SRB"]
[SourceTitle "EXT 2024"]
[Source "ChessBase"]
[SourceDate "2023.10.10"]
[SourceVersion "1"]
[SourceVersionDate "2023.10.10"]
[SourceQuality "1"]
[WhiteTeam "Ruma Sloven"]
[BlackTeam "Belgrade Zmaj"]
[WhiteTeamCountry "SRB"]
[BlackTeamCountry "SRB"]

1. d4 Nf6 2. c4 e6 3. Nf3 d5 4. g3 Be7 5. Bg2 0-0 6. 0-0 dxc4 7. Qc2 c5 8. dxc5 Nc6 9. Na3 Bxc5 10. Nxc4 Nb4 11. Qd2 Qc7 12. Qf4 Qxf4 13. Bxf4 Nbd5 14. a3 Nxf4 15. gxf4 Nd5 16. e3 Rd8 17. Rac1 Be7 18. Nfe5 f6 19. Nf3 Rb8 20. Rfd1 Bd7 21. Nd4 g6 22. Na5 Rdc8 23. Rxc8+ Rxc8 24. Nxe6 Nxe3 25. fxe3 Bxe6 26. Bxb7 Rc2 27. b4 Rc3 28. Nc6 Kf8 29. Nxe7 Kxe7 30. Kf2 Rxa3 1/2-1/2

[Event "Arandjelovac op 2nd"]
[Site "Arandjelovac"]
[Date "2023.08.01"]
[Round "3"]
[White "Md Imran"]
[Black "Savic, Miodrag R"]
[Result "1/2-1/2"]
[WhiteElo "2197"]
[BlackElo "2436"]
[PlyCount "49"]
[EventDate "2023.07.31"]
[EventType "swiss"]
[EventRounds "9"]
[EventCountry "SRB"]
[SourceTitle "CBM 215 Extra"]
[Source "ChessBase"]
[SourceDate "2023.09.30"]
[SourceVersion "1"]
[SourceVersionDate "2023.09.30"]
[SourceQuality "1"]

1. d4 Nf6 2. Nf3 e6 3. Bf4 d5 4. Nbd2 Bd6 5. e3 0-0 6. Bd3 c5 7. dxc5 Bxf4 8. exf4 Qc7 9. g3 Qxc5 10. 0-0 Qb6 11. Rb1 Nbd7 12. Qe2 Nc5 13. Nb3 Nxb3 14. axb3 Bd7 15. Ne5 Bc6 16. Rfe1 a6 17. Rbd1 Rfe8 18. h4 h5 19. Qd2 Qc7 20. Qc3 Rac8 21. Qd4 Bb5 22. c4 dxc4 23. bxc4 Ba4 24. Ra1 Bc6 25. b4 1/2-1/2

[Event "Brcko Velemajstor CC 1st"]
[Site "Brcko"]
[Date "2023.03.29"]
[Round "6"]
[White "Mikanovic, Sandro"]
[Black "Savic, Miodrag R"]
[Result "1/2-1/2"]
[WhiteElo "2250"]
[BlackElo "2434"]
[PlyCount "32"]
[EventDate "2023.03.26"]
[EventType "tourn"]
[EventRounds "9"]
[EventCountry "BIH"]
[SourceTitle "CBM 213 Extra"]
[Source "ChessBase"]
[SourceDate "2023.05.31"]
[SourceVersion "1"]
[SourceVersionDate "2023.05.31"]
[SourceQuality "1"]

1. Nf3 Nf6 2. g3 d5 3. Bg2 e6 4. 0-0 Be7 5. d3 c5 6. Nbd2 Nc6 7. e4 0-0 8. Re1 b6 9. c3 Bb7 10. e5 Nd7 11. Nf1 Qc7 12. Bf4 Rfd8 13. h4 Nf8 14. h5 d4 15. c4 h6 16. N1h2 Nh7 1/2-1/2

[Event "Brcko Velemajstor CC 1st"]
[Site "Brcko"]
[Date "2023.03.28"]
[Round "4"]
[White "Savic, Miodrag R"]
[Black "Radlovacki, Jovan"]
[Result "1-0"]
[WhiteElo "2434"]
[BlackElo "2292"]
[PlyCount "51"]
[EventDate "2023.03.26"]
[EventType "tourn"]
[EventRounds "9"]
[EventCountry "BIH"]
[SourceTitle "CBM 213 Extra"]
[Source "ChessBase"]
[SourceDate "2023.05.31"]
[SourceVersion "1"]
[SourceVersionDate "2023.05.31"]
[SourceQuality "1"]

1. e4 c6 2. d4 d5 3. e5 Bf5 4. Nf3 e6 5. Be2 Nd7 6. 0-0 Ne7 7. b3 h6 8. c4 g5 9. Nc3 Bg7 10. cxd5 cxd5 11. Nb5 Nc8 12. Ba3 Bf8 13. Qc1 Bxa3 14. Nc7+ Qxc7 15. Qxc7 Ncb6 16. Qxb7 0-0 17. Qa6 Rac8 18. Bd3 Bxd3 19. Qxd3 Kg7 20. h4 g4 21. Ne1 a5 22. Nc2 Be7 23. Rac1 Bxh4 24. Ne3 h5 25. Qb5 Ra8 26. Rc7 1-0

[Event "Brcko Velemajstor CC 1st"]
[Site "Brcko"]
[Date "2023.03.26"]
[Round "1"]
[White "Sredojevic, Ivan"]
[Black "Savic, Miodrag R"]
[Result "0-1"]
[WhiteElo "2247"]
[BlackElo "2434"]
[PlyCount "68"]
[EventDate "2023.03.26"]
[EventType "tourn"]
[EventRounds "9"]
[EventCountry "BIH"]
[SourceTitle "CBM 213 Extra"]
[Source "ChessBase"]
[SourceDate "2023.05.31"]
[SourceVersion "1"]
[SourceVersionDate "2023.05.31"]
[SourceQuality "1"]

1. Nf3 Nf6 2. g3 d5 3. Bg2 e6 4. 0-0 Be7 5. d4 0-0 6. c4 c6 7. Qc2 Nbd7 8. b3 b6 9. Ba3 Bxa3 10. Nxa3 Ba6 11. Rfc1 Rc8 12. Qb2 Qe7 13. e3 c5 14. Nb5 Bxb5 15. cxb5 Rc7 16. Qa3 Rfc8 17. Rc2 Kf8 18. Rac1 Ne8 19. Ne5 Nxe5 20. dxe5 c4 21. Qxe7+ Kxe7 22. bxc4 Rxc4 23. Rxc4 Rxc4 24. Rxc4 dxc4 25. Kf1 Nc7 26. a4 Nd5 27. Ke1 f6 28. exf6+ gxf6 29. Kd2 Kd6 30. Bf1 Kc5 31. Kc2 Kb4 32. e4 Nc3 33. e5 fxe5 34. Bh3 Ne2 0-1

[Event "Arandjelovac op 1st"]
[Site "Arandjelovac"]
[Date "2023.03.15"]
[Round "1"]
[White "Savic, Miodrag R"]
[Black "Aleksic, Neven"]
[Result "1-0"]
[WhiteElo "2430"]
[BlackElo "2164"]
[PlyCount "89"]
[EventDate "2023.03.15"]
[EventType "swiss"]
[EventRounds "9"]
[EventCountry "SRB"]
[SourceTitle "CBM 213 Extra"]
[Source "ChessBase"]
[SourceDate "2023.05.31"]
[SourceVersion "1"]
[SourceVersionDate "2023.05.31"]
[SourceQuality "1"]

1. e4 e5 2. Nf3 Nc6 3. Bb5 a6 4. Ba4 Nf6 5. 0-0 Be7 6. Re1 b5 7. Bb3 d6 8. c3 0-0 9. h3 Na5 10. Bc2 c5 11. d4 Nd7 12. dxc5 dxc5 13. Nbd2 Bb7 14. Qe2 Re8 15. Nf1 Nc4 16. Rd1 Qc7 17. b3 Nd6 18. c4 Bf8 19. a4 bxc4 20. bxc4 a5 21. Bb2 f6 22. Ne3 Nb6 23. Nd2 Bc6 24. Bc3 Bd7 25. Rdb1 Qa7 26. Qd1 Red8 27. Bd3 Be8 28. Qc2 Qc7 29. Rb2 Qc6 30. Rba2 Qd7 31. Be2 Bg6 32. Rb2 Qc6 33. Nd5 Nxd5 34. cxd5 Qc7 35. Rab1 Rdc8 36. Rb6 Qf7 37. Bg4 Re8 38. Be6 Rxe6 39. dxe6 Qxe6 40. Rb8 Ra7 41. R1b6 c4 42. Qa2 Bf7 43. Qa3 Rd7 44. Bxa5 h5 45. Bb4 1-0

[Event "Belgrade Gligoric 100 Ann op"]
[Site "Belgrade"]
[Date "2023.02.05"]
[Round "7"]
[White "Savic, Miodrag R"]
[Black "Cabrilo, Goran"]
[Result "1-0"]
[WhiteElo "2430"]
[BlackElo "2315"]
[PlyCount "39"]
[EventDate "2023.02.05"]
[EventType "swiss (blitz)"]
[EventRounds "11"]
[EventCountry "SRB"]
[SourceTitle "EXT 2024"]
[Source "ChessBase"]
[SourceDate "2023.10.10"]
[SourceVersion "1"]
[SourceVersionDate "2023.10.10"]
[SourceQuality "1"]

1. e4 e5 2. Nf3 Nc6 3. Bc4 Nf6 4. d3 Be7 5. 0-0 0-0 6. a4 d6 7. a5 a6 8. c3 h6 9. Nbd2 Re8 10. Re1 Bf8 11. b4 d5 12. exd5 Nxd5 13. Qb3 Be6 14. Nxe5 Nxe5 15. Rxe5 c6 16. Nf3 Bd6 17. Re4 Qf6 18. Bd2 Nxb4 19. Bxe6 fxe6 20. Rxb4 1-0

[Event "Belgrade Gligoric 100 Ann op"]
[Site "Belgrade"]
[Date "2023.02.05"]
[Round "1"]
[White "Savic, Miodrag R"]
[Black "Mrsevic, Miroslav"]
[Result "1/2-1/2"]
[WhiteElo "2430"]
[BlackElo "2244"]
[PlyCount "96"]
[EventDate "2023.02.05"]
[EventType "swiss (blitz)"]
[EventRounds "11"]
[EventCountry "SRB"]
[SourceTitle "EXT 2024"]
[Source "ChessBase"]
[SourceDate "2023.10.10"]
[SourceVersion "1"]
[SourceVersionDate "2023.10.10"]
[SourceQuality "1"]

1. e4 d6 2. d4 Nf6 3. Nc3 e5 4. Nf3 Nbd7 5. g3 Be7 6. Bg2 0-0 7. 0-0 c6 8. a4 a5 9. Re1 Re8 10. h3 Bf8 11. Be3 Qc7 12. Qd2 b6 13. Rad1 Bb7 14. b3 Rad8 15. Qc1 Nb8 16. Nh4 Bc8 17. g4 g6 18. Bg5 Bg7 19. dxe5 dxe5 20. Qe3 Be6 21. Rxd8 Rxd8 22. Qf3 Nbd7 23. Qe3 Re8 24. Rd1 Nc5 25. Nf3 Nfd7 26. Bh6 Bxh6 27. Qxh6 f6 28. Qd2 Nb7 29. Bf1 Ndc5 30. Qe3 g5 31. Ne2 Rd8 32. Rd2 Rd6 33. Ng3 Qd8 34. Nf5 Bxf5 35. exf5 Rxd2 36. Nxd2 Nd6 37. Nc4 Nxc4 38. Bxc4+ Kf8 39. Kg2 Qd4 40. Qf3 Qe4 41. Qxe4 Nxe4 42. f3 Nc5 43. Kf2 Ke7 44. Ke3 Kd6 45. Be2 Nd7 46. Bc4 Nc5 47. Be2 Nd7 48. Bc4 Nc5 1/2-1/2

[Event "Belgrade Gligoric 100 Ann op"]
[Site "Belgrade"]
[Date "2023.02.05"]
[Round "11"]
[White "Savic, Miodrag R"]
[Black "Zegarac, Vuk"]
[Result "0-1"]
[WhiteElo "2430"]
[BlackElo "2340"]
[PlyCount "100"]
[EventDate "2023.02.05"]
[EventType "swiss (blitz)"]
[EventRounds "11"]
[EventCountry "SRB"]
[SourceTitle "EXT 2024"]
[Source "ChessBase"]
[SourceDate "2023.10.10"]
[SourceVersion "1"]
[SourceVersionDate "2023.10.10"]
[SourceQuality "1"]

1. e4 c6 2. d4 d5 3. e5 c5 4. c3 Nc6 5. Be2 cxd4 6. cxd4 Bf5 7. Nc3 e6 8. Nf3 Bb4 9. 0-0 Nge7 10. Be3 0-0 11. Na4 Nc8 12. Rc1 Nb6 13. Nc5 Bxc5 14. Rxc5 Nd7 15. Rc3 f6 16. exf6 Nxf6 17. Nh4 Ne4 18. Nxf5 Nxc3 19. Nh6+ gxh6 20. bxc3 Qf6 21. g3 Ne7 22. Qd2 Nf5 23. Bf4 Rac8 24. Bd3 Nh4 25. Qc2 Nf3+ 26. Kg2 Nxd4 27. Bxh7+ Kh8 28. Qd3 Nf5 29. Bxf5 Qxf5 30. Qd4+ Kh7 31. Re1 Rc4 32. Qxa7 Re4 33. Rxe4 Qxe4+ 34. Kg1 Rf7 35. Qb8 Qb1+ 36. Kg2 Qe4+ 37. Kg1 Qe1+ 38. Kg2 Qxc3 39. h4 Qd3 40. Kg1 Qb1+ 41. Kg2 Qe4+ 42. Kg1 e5 43. Qe8 Qe1+ 44. Kg2 Qe4+ 45. Kh2 Qf5 46. Be3 d4 47. g4 Qf6 48. g5 Qf5 49. g6+ Qxg6 50. Qxe5 dxe3 0-1

[Event "Bijeljina Dana"]
[Site "Bijeljina"]
[Date "2023.01.17"]
[Round "5"]
[White "Bogosavljevic, Boban"]
[Black "Savic, Miodrag R"]
[Result "1/2-1/2"]
[WhiteElo "2513"]
[BlackElo "2425"]
[PlyCount "97"]
[EventDate "2023.01.14"]
[EventType "tourn"]
[EventRounds "9"]
[EventCountry "BIH"]
[EventCategory "6"]
[SourceTitle "CBM 212 Extra"]
[Source "ChessBase"]
[SourceDate "2023.03.31"]
[SourceVersion "1"]
[SourceVersionDate "2023.03.31"]
[SourceQuality "1"]

1. Nf3 Nf6 2. g3 d5 3. Bg2 e6 4. 0-0 Be7 5. d4 0-0 6. b3 a5 7. c4 a4 8. Ba3 Bxa3 9. Nxa3 Qe7 10. Nc2 b6 11. cxd5 Nxd5 12. e4 Nf6 13. Nh4 Rd8 14. Qc1 Bb7 15. Re1 c5 16. d5 exd5 17. exd5 Qf8 18. Ne3 Nbd7 19. Nef5 Re8 20. d6 Rxe1+ 21. Qxe1 Bxg2 22. Kxg2 axb3 23. axb3 Rxa1 24. Qxa1 Qb8 25. Qc1 Qa8+ 26. Kg1 g6 27. Ne7+ Kh8 28. Qc3 Qe4 29. Nf3 Kg7 30. h4 b5 31. Ng5 Qb1+ 32. Kg2 h6 33. Nf3 Qe4 34. Qa1 Qd3 35. Qb2 Qxd6 36. Qe2 Qe6 37. Qxe6 fxe6 38. Nc6 Ne4 39. b4 Kf6 40. bxc5 Ndxc5 41. Nfd4 Nc3 42. f4 h5 43. Kf3 Nd7 44. g4 hxg4+ 45. Kxg4 Nb6 46. h5 gxh5+ 47. Kxh5 Nbd5 48. f5 exf5 49. Nxf5 1/2-1/2

[Event "Sarajevo Agent Locator Cup"]
[Site "Sarajevo"]
[Date "2022.12.30"]
[Round "9"]
[White "Maksimovic, Bojan"]
[Black "Savic, Miodrag R"]
[Result "1/2-1/2"]
[WhiteElo "2486"]
[BlackElo "2422"]
[PlyCount "57"]
[EventDate "2022.12.23"]
[EventType "tourn"]
[EventRounds "9"]
[EventCountry "BIH"]
[EventCategory "7"]
[SourceTitle "CBM 211 Extra"]
[Source "ChessBase"]
[SourceDate "2023.01.31"]
[SourceVersion "1"]
[SourceVersionDate "2023.01.31"]
[SourceQuality "1"]

1. Nf3 Nf6 2. g3 d5 3. Bg2 e6 4. 0-0 Be7 5. c4 0-0 6. d4 dxc4 7. Qc2 a6 8. a4 Bd7 9. Qxc4 Bc6 10. Bg5 Nbd7 11. Nc3 h6 12. Bxf6 Nxf6 13. Rfd1 a5 14. Ne5 Bxg2 15. Kxg2 c6 16. e3 Bb4 17. Rac1 Rc8 18. Qe2 Qe7 19. h4 Rfd8 20. Nd3 h5 21. Qf3 g6 22. Ne4 Nxe4 23. Qxe4 Bd6 24. Qf3 Kg7 25. Rc2 Qf6 26. Rdc1 Qxf3+ 27. Kxf3 Ra8 28. Rc3 Rd7 29. Ke4 1/2-1/2

[Event "Sarajevo Agent Locator Cup"]
[Site "Sarajevo"]
[Date "2022.12.29"]
[Round "8"]
[White "Savic, Miodrag R"]
[Black "Nikolic, Predrag"]
[Result "1-0"]
[WhiteElo "2422"]
[BlackElo "2537"]
[PlyCount "76"]
[EventDate "2022.12.23"]
[EventType "tourn"]
[EventRounds "9"]
[EventCountry "BIH"]
[EventCategory "7"]
[SourceTitle "CBM 211 Extra"]
[Source "ChessBase"]
[SourceDate "2023.01.31"]
[SourceVersion "1"]
[SourceVersionDate "2023.01.31"]
[SourceQuality "1"]

1. e4 e6 2. d4 d5 3. Nd2 a6 4. Ngf3 c5 5. dxc5 Bxc5 6. Bd3 Nc6 7. 0-0 Nf6 8. a3 Be7 9. Re1 0-0 10. Qe2 Re8 11. h3 e5 12. c4 d4 13. b4 Bf8 14. Nf1 h6 15. Ng3 b6 16. Bd2 a5 17. Rab1 axb4 18. axb4 Bd7 19. Rec1 Qc7 20. Nh4 Ra4 21. c5 bxc5 22. bxc5 g6 23. Qf3 Nh7 24. Bc4 Be6 25. Bxe6 Rxe6 26. Qb3 Ra8 27. Qc4 Ng5 28. Rb6 Be7 29. Kh2 Qc8 30. Rcb1 Kg7 31. Qd5 Ra3 32. Nhf5+ gxf5 33. exf5 Rf6 34. Nh5+ Kf8 35. Nxf6 Bxf6 36. Qxc6 Rxh3+ 37. Kg1 Nf3+ 38. Qxf3 Ke8 1-0

[Event "Sarajevo Agent Locator Cup"]
[Site "Sarajevo"]
[Date "2022.12.23"]
[Round "3"]
[White "Savic, Miodrag R"]
[Black "Dizdarevic, Emir"]
[Result "1/2-1/2"]
[WhiteElo "2422"]
[BlackElo "2355"]
[PlyCount "54"]
[EventDate "2022.12.23"]
[EventType "tourn"]
[EventRounds "9"]
[EventCountry "BIH"]
[EventCategory "7"]
[SourceTitle "CBM 211 Extra"]
[Source "ChessBase"]
[SourceDate "2023.01.31"]
[SourceVersion "1"]
[SourceVersionDate "2023.01.31"]
[SourceQuality "1"]

1. e4 c6 2. d4 d5 3. e5 Bf5 4. Nf3 e6 5. Be2 Ne7 6. 0-0 h6 7. b3 Bh7 8. c4 Nd7 9. Ba3 Nf5 10. Bxf8 Nxf8 11. Nc3 Ng6 12. cxd5 exd5 13. g3 0-0 14. Bd3 Nfe7 15. Re1 Re8 16. Ne2 Nf8 17. Bxh7+ Kxh7 18. Qd3+ Kg8 19. Nh4 Nfg6 20. Nxg6 fxg6 21. Nf4 g5 22. Ng6 Nxg6 23. Qxg6 Qd7 24. Re3 Qf7 25. Qxf7+ Kxf7 26. f3 Ke6 27. Rc1 a5 1/2-1/2

[Event "Sarajevo Agent Locator Cup"]
[Site "Sarajevo"]
[Date "2022.12.23"]
[Round "1"]
[White "Savic, Miodrag R"]
[Black "Stojanovic, Dalibor"]
[Result "1/2-1/2"]
[WhiteElo "2422"]
[BlackElo "2446"]
[PlyCount "54"]
[EventDate "2022.12.23"]
[EventType "tourn"]
[EventRounds "9"]
[EventCountry "BIH"]
[EventCategory "7"]
[SourceTitle "CBM 211 Extra"]
[Source "ChessBase"]
[SourceDate "2023.01.31"]
[SourceVersion "1"]
[SourceVersionDate "2023.01.31"]
[SourceQuality "1"]

1. e4 e5 2. Nf3 Nc6 3. Bb5 Nf6 4. 0-0 Nxe4 5. Re1 Nd6 6. Nxe5 Be7 7. Bd3 Nxe5 8. Rxe5 0-0 9. Nc3 Bf6 10. Re3 Bg5 11. Re1 b6 12. Bf1 Bb7 13. d4 Bxc1 14. Qxc1 Qf6 15. Qd2 Rae8 16. Nb5 Nxb5 17. Bxb5 Bc6 18. Bf1 d5 19. c3 Bd7 20. Rxe8 Rxe8 21. Re1 Rxe1 22. Qxe1 Qe6 23. Qxe6 Bxe6 24. Bd3 Kf8 25. f3 h6 26. Kf2 Ke7 27. Ke3 g5 1/2-1/2